000 00467nam a2200193 a 4500
001 1756195395057
003 ACL
005 20250826134118.0
008 250826s1954##################000#0#eng##
020 _a9780486200545
082 0 4 _a751
_bTHO
100 1 _aCennini, Cennino,
_eauthor.
245 1 0 _aThe Craftsman's Handbook :
260 _bCourier Corporation,
_c1954.
300 _a196 pages
650 0 _aArt.
942 _cENGLISH
040 _aACL
_beng
_cACL
999 _c584116
_d584116